Rosa FC Inter 2023-24 - Statistics

Statistiche generali
  • Questo quiz è stato fatto 218 volte
  • Il punteggio medio è 21 su 27
Statistiche sulle risposte
Numero Ruolo Giocatore Nazionalità % Corretto
1 POR Yann Sommer Svizzera
99%
23 CEN Nicolò Barella Italia
97%
10 ATT Lautaro Martínez Argentina
96%
95 DIF Alessandro Bastoni Italia
95%
2 DIF Denzel Dumfries Paesi Bassi
94%
9 ATT Marcus Thuram Francia
94%
6 DIF Stefan de Vrij Paesi Bassi
94%
20 CEN Hakan Çalhanoğlu Turchia
91%
8 ATT Marko Arnautović Austria
88%
15 DIF Francesco Acerbi Italia
86%
32 DIF Federico Dimarco Italia
84%
70 ATT Alexis Sánchez Cile
83%
22 CEN Henrikh Mkhitaryan Armenia
83%
21 CEN Kristjan Asllani Albania
83%
28 DIF Benjamin Pavard Francia
82%
16 CEN Davide Frattesi Italia
80%
7 CEN Juan Cuadrado Colombia
80%
36 DIF Matteo Darmian Italia
80%
31 DIF Yann Aurel Bisseck Germania
80%
17 CEN Tajon Buchanan Canada
74%
30 CEN Carlos Augusto Brasile
68%
12 POR Raffaele Di Gennaro Italia
68%
77 POR Emil Audero Italia
66%
5 CEN Stefano Sensi Italia
55%
14 CEN Davy Klaassen Paesi Bassi
53%
(42) (CEN) (Lucien Agoumé) (Francia)
39%
41 CEN Ebeneker Akinsanmiro Nigeria
24%
Nessun quiz corrispondente trovato
Distribuzione punteggi
Percentuale di utenti per punteggio
Percentile per numero di risposta
I tuoi punteggi nel tempo
Non hai fatto questo quiz